000 00473nam a22001817a 4500
003 OSt
005 20240617121443.0
008 240617b |||||||| |||| 00| 0 eng d
020 _a0750663103
040 _cmust
082 _a510 MEN 2006
100 _aPu,Ida Mengyi
_917351
245 _afundamental data compression/
_cIda Mengyi Pu
260 _aAmsterdam:
_bElsevier;
_cc2006.
300 _axxi,246p.:
_bill;
_c24cm.
504 _aIncludes Index.
942 _2ddc
_cO_SHELF
999 _c8546
_d8546